00278nam a2200121Ia 4500008004100000100001900041245001400060260003500074300000900109650001400118942000700132999001700139190216s9999||||xx |||||||||||||| ||und|| aChatergee .p.n 0aMechanics bRajhans Prakashan Mandirc1981 a192p aMechanics cBK c32959d32959